| 000 | 00613nam a2200253Ia 4500 | ||
|---|---|---|---|
| 008 | 180620s9999 xx 000 0 und d | ||
| 020 | _a1-57990-056-9 | ||
| 050 | _aREF TT 615 | ||
| 050 | _b.M38 1998 | ||
| 100 | _aMathews, Kate. | ||
| 245 | 0 | _aQuick and easy vest and jackets : | |
| 245 | 0 | _bcreative fashions to sew / | |
| 245 | 0 | _cKate Mathews. | |
| 260 | _aUSA : | ||
| 260 | _bLark Books., | ||
| 260 | _c1999 | ||
| 300 | _a128 pages : | ||
| 300 | _bcolored illustrations ; | ||
| 300 | _c26 cm. | ||
| 500 | _aIncludes index. | ||
| 650 | _aCoats. | ||
| 650 | _aVests. | ||
| 650 | _xJackets. | ||
| 999 |
_c358040 _d358040 |
||